Marxismo y globalización capitalista /
সংরক্ষণ করুন:
| প্রধান লেখক: | |
|---|---|
| বিন্যাস: | গ্রন্থ |
| ভাষা: | Spanish |
| প্রকাশিত: |
San José, Costa Rica:
Ediciones Perro Azul,
2016
|
| ট্যাগগুলো: |
ট্যাগ যুক্ত করুন
কোনো ট্যাগ নেই, প্রথমজন হিসাবে ট্যাগ করুন!
|
MARC
| LEADER | 00000nam a2200000 4500 | ||
|---|---|---|---|
| 003 | cru CIDCACS/IIS | ||
| 005 | 20240712164736.0 | ||
| 008 | 240613b2016 cr ||||| |||| 00| 0 spa d | ||
| 020 | |a [978-9930-9553-6-9 | ||
| 040 | |a cru CIDCACS/IIS |b spa |c cru CIDCACS/IIS | ||
| 090 | |a 03.03.01 A973m | ||
| 100 | 1 | |a Ayala S., Roberto |4 autor |9 12138 | |
| 245 | 1 | |a Marxismo y globalización capitalista / |c Roberto Ayala S. |h [impreso] | |
| 260 | |a San José, Costa Rica: |b Ediciones Perro Azul, |c 2016 | ||
| 300 | |a 420 páginas | ||
| 650 | 0 | 7 | |0 TESAUROS |2 TESAUROS |
| 942 | |2 z |c LI |h <script>document.querySelector('[id^="tag_090_subfield_a"]').value</script> |i 24054 |k 03.03.01 |m A973m |6 SCRIPTDOCUMENTQUERYSELECTORIDTAG_090_SUBFIELD_AVALUESCRIPT_24054 | ||
| 999 | |c 45816 |d 45816 | ||



